01227nam a2200301 a 450000100100000000500170001000800410002702000150006804000250008304100380010808200190014624501460016526000440031130000270035553400520038265100520043465100500048665000410053670000280057770000310060570000300063670000310066670000430069770000360074004900090077695201230078599900170090800002485820200930023419.0100712s1984 mx 000 0 spa d a9686677089 aDO-SdBNPbspacBNPHU17aenghspa2Código de idioma MARC a330.973bS491n00aServicios :bla nueva economía /cThomas M. Stanback ... [et al.] ; editado por David Martínez Cabello, traducción Agustín Bárcena. aMéxico, D. F. :bPubligrafics,c1984. axvii, 156 p. ;c25 cm. aTítulo original :tServices, the new economy. 4aEstados UnidosxCondiciones Económicas916082 4aEstados UnidosxPolítica Económica916083 4aMercadotecniazEstados Unidos9510151 aBearse, Peter J.9510161 aNoyelle, Thierry J.9510171 aKarasek, Robert A.9510181 aStanback, Thomas M.9510191 aMartínez Cabello, David,eed.9510201 aBárcena, Agustínetr.95521 aBNGR 001054708MOaGRbGRcCTd2011-02-07iLF1l0o330.973 S491np24858-10r2020-06-25w2020-06-25y4ZPréstamo en sala c24351d24351